| 000 | 00800nam a22002417a 4500 | ||
|---|---|---|---|
| 003 | PE SENCICO BE | ||
| 005 | 20251020182625.0 | ||
| 008 | 230202b |||||||| |||| 00| 0 eng d | ||
| 020 | _a978-84-16898-62-6 | ||
| 040 |
_aPE SENCICO BE _cPE SENCICO BE |
||
| 041 | _aspa | ||
| 082 |
_a624.15136 _bG88 |
||
| 100 | 1 |
_9153 _aGuerra Torralbo, Juan Carlos |
|
| 245 | 1 |
_aMecánica de suelos : _bconceptos básicos y aplicaciones / _cJuan Carlos Guerra Torralbo |
|
| 260 |
_aMadrid: _bDextra, _c[2018] |
||
| 300 |
_a345 p. : _bil., diagrs., _c24 cm. |
||
| 504 | _aBibliografía: p. [349] - 352. | ||
| 650 | 1 | 4 |
_943 _aMecánica de suelos |
| 650 | 2 | 4 |
_9155 _aEstudio de suelos |
| 650 | 2 | 4 |
_931 _aIngeniería geológica |
| 910 |
_bhfp _chfp |
||
| 942 |
_2ddc _cLIB _h624.15136 _iG88 |
||
| 999 |
_c3802 _d3802 |
||